|
|
|
|
| LEADER |
00934nam a2200253 a 4500 |
| 001 |
3465248 |
| 008 |
091102r1998 ii b 000 0 eng d |
| 010 |
|
|
|a 92905266
|
| 020 |
|
|
|a 9848245030
|
| 020 |
|
|
|a 0706960807 :
|c Rs225.00
|
| 040 |
|
|
|a DLC
|c DLC
|d DLC
|
| 082 |
0 |
0 |
|a 337.54
|2 21
|
| 100 |
1 |
|
|a Suri, Kamala.
|
| 245 |
1 |
0 |
|a India's economy and the world /
|c Kamla Suri.
|
| 260 |
|
|
|a New Delhi ;
|a Dhaka :
|b Vikas Pub. House :
|b Parama,
|c 1998.[reprinted]
|
| 300 |
|
|
|a 186 p. ;
|c 22 cm.
|
| 504 |
|
|
|a Includes bibliographical references (p. [184]-186).
|
| 541 |
1 |
|
|e 00011110
|
| 651 |
|
0 |
|a India
|x Foreign economic relations.
|
| 651 |
|
0 |
|a India
|x Commercial policy.
|
| 651 |
|
0 |
|a India
|x Economic conditions
|y 1947-
|
| 852 |
4 |
|
|a Ayesha Abed Library
|j General Shelf.
|
| 999 |
|
|
|c 5044
|d 5044
|
| 952 |
|
|
|0 0
|1 0
|2 ddc
|4 0
|6 337_540000000000000_SUR_1998
|7 0
|9 4872
|a BRACUL
|b BRACUL
|c GEN
|d 2009-11-03
|l 0
|o 337.54 SUR
|p 3010011110
|r 2009-11-03
|t 1
|w 2009-11-03
|y BK
|